| 000 | 00593nam a2200205 i 4500 | ||
|---|---|---|---|
| 001 | bgj | ||
| 100 | 1 | _aGAMMIDGE, Mick | |
| 245 | 1 | 0 |
_aAdventures : _bpodręcznik dla gimnazjum : workbook plus : starter / _cMick Gammidge ; Ben Wetz. |
| 260 |
_aOxford : _bOxford University Press, _c2005. |
||
| 300 |
_a119 pp : _bill. ; _c28 cm. |
||
| 650 | 9 | _aEnglish language | |
| 655 | _aTextbooks for foreigners | ||
| 700 | 1 |
_aWETZ, Ben. _eco-author |
|
| 020 | _a0194712001 | ||
| 040 | _cBPK | ||
| 041 | 0 | _aeng | |
| 920 | _a0-19-471200-1 | ||
| 942 | _cKS | ||
| 008 | s uk f |000 0 eng | ||
| 999 |
_c48959 _d48959 |
||
| 856 |
_uhttp://koha.tu.koszalin.pl/cgi-bin/koha/opac-detail.pl?biblionumber=48959 _yKatalog online BPK |
||